| 000 | 00619nam a2200181Ia 4500 | ||
|---|---|---|---|
| 005 | 20250508160339.0 | ||
| 008 | 008 250505s9999 xx 000 0 eng d | ||
| 037 | _aTextual | ||
| 040 |
_aFEDL _beng _cFEDL |
||
| 041 |
_aeng _2eng |
||
| 084 |
_a378, ACA _qFEDL |
||
| 100 |
_aConnery Robert H Ed. _9323253 |
||
| 245 | 0 | _aCorporation and the campus: Corporate support of higher eudcation in the 1970s: Proceedings of the academy of political science. Vol 30 | |
| 260 |
_aNew York, USA _bThe Academy of Political Science _c1970 |
||
| 300 | _a187p. | ||
| 942 |
_cTEXL _h378, ACA |
||
| 999 |
_c1363909 _d1363909 |
||